Thiên bản lục kỳ huyền thoại đất Sơn Nam

TM tài liệu tham khảo tr. 245 - 250; Giới thiệu các mẩu truyện kể về 6 nhân vật kỳ tài trên đất Vụ Bản: Tam Ranh đại tướng, Cường Bạo đại vương, Trạng Lường Lương Thế Vinh, Bà chúa Liễu Hạnh, Bà chúa Thông Khê Trịnh thái phi, Trần Thị Ngọc...

Cijeli opis

Spremljeno u:
Bibliografski detalji
Glavni autor: Bùi, Văn Tam
Daljnji autori: Hội Văn nghệ dân gian Việt Nam
Format: Knjiga
Jezik:Undetermined
Izdano: H. Đại học Quốc gia Hà Nội 2010
Teme:
Online pristup:http://lrc.tdmu.edu.vn/opac/search/detail.asp?aID=2&ID=19075
Oznake: Dodaj oznaku
Bez oznaka, Budi prvi tko označuje ovaj zapis!
Thư viện lưu trữ: Trung tâm Học liệu Trường Đại học Thủ Dầu Một
LEADER 01294nam a2200217Ia 4500
001 TDMU_19075
008 210410s9999 xx 000 0 und d
082 |a 398.220959738 
090 |b B510 
100 |a Bùi, Văn Tam 
245 0 |a Thiên bản lục kỳ huyền thoại đất Sơn Nam 
245 0 |c Bùi Văn Tam (K. cứu & b. soạn) 
260 |a H. 
260 |b Đại học Quốc gia Hà Nội 
260 |c 2010 
300 |a 255 tr. 
520 |a TM tài liệu tham khảo tr. 245 - 250; Giới thiệu các mẩu truyện kể về 6 nhân vật kỳ tài trên đất Vụ Bản: Tam Ranh đại tướng, Cường Bạo đại vương, Trạng Lường Lương Thế Vinh, Bà chúa Liễu Hạnh, Bà chúa Thông Khê Trịnh thái phi, Trần Thị Ngọc Đài, Quận công Ngô Đình Điền  
650 |a Văn hóa dân gian  |x Truyện kể  |z Nam Định (Việt Nam); Truyện kể  |z Nam Định (Việt Nam); Nam Định (Việt Nam)  |x Văn hóa  |x Truyện kể 
700 |a Hội Văn nghệ dân gian Việt Nam 
856 |u http://lrc.tdmu.edu.vn/opac/search/detail.asp?aID=2&ID=19075 
980 |a Trung tâm Học liệu Trường Đại học Thủ Dầu Một